MARC

LEADER 00000nam0a2200000 4500
001 260688
005 20231101233511.0
010 |a 5120001297 
020 |a RU  |b 88-31837 
035 |a (RuTPU)RU\TPU\book\283656 
090 |a 260688 
100 |a 20140516d1988 k a0rusy5003 ca 
101 0 |a rus 
102 |a UA 
105 |a y z 001zy 
200 1 |a Русско-украинское культурное сотрудничество в XVIII - первой половине XIX в.  |f Н. А. Шип  |g Академия наук Украинской ССР (АН УССР), Институт истории 
210 |a Киев  |c Наукова думка  |d 1988 
215 |a 112 с. 
320 |a Библиогр. в примеч.: с. 100-111. 
606 1 |a Историческая культурология  |x Россия  |2 stltpush  |3 (RuTPU)RU\TPU\subj\72070  |9 85658 
610 1 |a русско-украинские культурные связи 
610 1 |a высшее образование 
610 1 |a культурный процесс 
610 1 |a культура 
610 1 |a Украинская ССР 
610 1 |a история 
610 1 |a 18 век 
610 1 |a 19 век 
610 1 |a высшие учебные заведения 
686 |a Ч113(2)  |2 rubbk 
700 1 |a Шип  |b Н. А.  |g Надежда Андреевна 
712 0 2 |a Академия наук Украинской ССР (АН УССР)  |b Институт истории  |c (Киев)  |2 stltpush  |3 (RuTPU)RU\TPU\col\18343 
801 0 |a RU  |b RuMRKP  |c 19950417  |g psbo 
801 1 |a RU  |b 63413507  |c 20140516 
801 2 |a RU  |b 63413507  |c 20141229  |g RCR 
942 |c BK